000
00244nam a22001217a 4500
003
SGT
082
_a
370
_b
MIS
100
_a
MISHRA, PITAMBAR
245
_a
YOGA EDUCATION
260
_a
DELHI
_b
RI PUB.
_c
2018
300
_a
293
942
_2
ddc
_c
BK
999
_c
17575
_d
17575